Enlightenment contested. Philosophy, modernity, and the emancipation of man, 1670-1752
Bewaard in:
| Hoofdauteur: | |
|---|---|
| Formaat: | Boek |
| Taal: | Engels |
| Gepubliceerd in: |
Oxford, United Kingdom
Oxford University Press
2006
|
| Onderwerpen: | |
| Online toegang: | Disponible Online |
| Tags: |
Voeg label toe
Geen labels, Wees de eerste die dit record labelt!
|
MARC
| LEADER | 00000cam a2200000 a 4500 | ||
|---|---|---|---|
| 001 | UCF9607 | ||
| 003 | CL-VaPUC | ||
| 005 | 20210727210427.0 | ||
| 008 | 131129e20060000uk |||||||||||||||||eng|d | ||
| 999 | |c 354049 |d 354047 | ||
| 020 | |a 9780199541522 | ||
| 040 | |c Pontificia Universidad Católica de Valparaíso | ||
| 082 | 0 | 4 | |a 190.9033 ISR 2006 |2 21 |
| 100 | |a Israel, Jonathan Irvine |e author |9 571989 | ||
| 245 | 1 | 0 | |a Enlightenment contested. |b Philosophy, modernity, and the emancipation of man, 1670-1752 |
| 260 | |a Oxford, United Kingdom |b Oxford University Press |c 2006 | ||
| 300 | |a 983 páginas | ||
| 583 | |a last modification |c 20131129 12:34:00 |k Rodrigo Vera | ||
| 650 | 0 | |a Filosofía contemporánea |z Europa |9 265372 | |
| 650 | 0 | |a Historia de Europa |9 392003 | |
| 856 | |u https://oxford-universitypressscholarship-com.pucv.idm.oclc.org/view/10.1093/acprof:oso/9780199279227.001.0001/acprof-9780199279227?rskey=jedDG4&result=2 |y Disponible Online | ||
| 942 | |c BK |2 ddc | ||
| 945 | |d 20131129 12:34:00 |a dcastane | ||
| 952 | |0 0 |1 0 |2 ddc |3 erb |4 0 |6 190_903300000000000_ISR_2006 |7 0 |8 A |9 459681 |a BIBDER |b BIBDER |i 5031451 |o 190.9033 ISR 2006 |p 5031451 |r 2023-01-25 |t 1 |w 2019-11-23 |y BK |z Catalogado en:20131129 |k DER | ||